The social stratification of English in New York City

Saved in:
Bibliographic Details
Main Author: Labov, William
Format: Book
Language:English
Published: Cambridge university press. 2006.
Tags: Add Tag
No Tags, Be the first to tag this record!

MARC

LEADER 00000nam a22000007a 4500
008 211103b ||||| |||| 00| 0 eng d
020 |a 0521528054 
100 |a Labov, William. 
245 |a The social stratification of English in New York City  |c William Labov  |g xii, 485 p. 
250 |b 2nd edition 
260 |b Cambridge university press.  |c 2006.  |h New York.  |i 662070.  |i 663532.  |l PE3101.N7L11  |m English language--New York (State)--New York.  |m English language--Dialects--New York (State)--New York  |m English language--Social aspects--New York (State)--New York  |m Speech and social status--New York (State)--New York.  |m New York (N.Y.)--Languages  |m New York (N.Y.)--Social conditions. 
500 |a Includes bibliographical references (p. 462-472) and index. 
942 |a lcc  |c BK  |e Olagoke, M.A..  |f 03/11/2021 
952 |0 0  |1 0  |2 lcc  |4 0  |6 PE3101 N7 L11  |7 0  |9 3825  |a HOL  |b HOL  |c LP  |d 2021-11-03  |l 0  |o PE3101.N7L11  |p 2021-67555  |r 2021-11-03 00:00:00  |w 2021-11-03  |y BK 
952 |0 0  |1 0  |2 lcc  |4 0  |6 PE3101 N7 L11  |7 0  |9 3826  |a HOL  |b HOL  |c LP  |d 2021-11-03  |l 0  |o PE3101.N7L11  |p 2021-67556  |r 2021-11-03 00:00:00  |w 2021-11-03  |y BK 
999 |c 1913  |d 1913